[Event "FRA-chT Top 16 Gp Basse"]
[Site "Chartres"]
[Date "2023.06.09"]
[Round "2.2"]
[White "Visakh, Narayanan Rajeswari"]
[Black "Nezar, Mustapha"]
[Result "1-0"]
[WhiteElo "2542"]
[BlackElo "2356"]
[PlyCount "97"]
[EventDate "2023.06.08"]
[EventType "team-tourn"]
[EventRounds "4"]
[EventCountry "FRA"]
[SourceTitle "CBM 214 Extra"]
[Source "ChessBase"]
[SourceDate "2023.07.31"]
[SourceVersion "1"]
[SourceVersionDate "2023.07.31"]
[SourceQuality "1"]
[WhiteTeam "Metz Fischer"]
[BlackTeam "Vandoeuvre"]
[WhiteTeamCountry "FRA"]
[BlackTeamCountry "FRA"]

1. e4 e5 2. Bc4 Nf6 3. d3 Bc5 4. Nc3 d6 5. f4 c6 6. Nf3 Nbd7 7. a3 b5 8. Ba2 Qe7 9. Qe2 a5 10. Rf1 h6 11. a4 b4 12. Nd1 Nb6 13. Bb3 Be6 14. Bxe6 Qxe6 15. fxe5 dxe5 16. Be3 Nbd7 17. b3 Ng4 18. Bxc5 Nxc5 19. h3 Nf6 20. Nd2 Qe7 21. Ne3 g6 22. Ndc4 Nfd7 23. 0-0-0 Ne6 24. Qf2 h5 25. h4 f6 26. Kb1 Kd8 27. Rg1 Kc7 28. Qg3 Nf4 29. Qf2 Nc5 30. Rgf1 Rhf8 31. g3 Nfe6 32. Nd5+ cxd5 33. exd5 Ra6 34. dxe6 Nxe6 35. Qe3 Nd4 36. Qh6 Rg8 37. Qe3 Rf8 38. Rde1 Nf5 39. Qf2 Rd8 40. Qg1 Nh6 41. d4 Ng4 42. dxe5 fxe5 43. Rf3 Rd7 44. Ref1 Kb7 45. Rf7 Qe6 46. Rxd7+ Qxd7 47. Qc5 Qc7 48. Qd5+ Qc6 49. Nxa5+ 1-0

[Event "FRA-chT Top 16 La Bourdonnais"]
[Site "Playchess.com INT"]
[Date "2021.01.09"]
[Round "9"]
[White "Nezar, Mustapha"]
[Black "Rakotomaharo, Fy Antenaina"]
[Result "0-1"]
[WhiteElo "2353"]
[BlackElo "2422"]
[PlyCount "82"]
[EventDate "2021.01.09"]
[EventType "team-tourn (rapid)"]
[EventRounds "12"]
[EventCountry "FRA"]
[SourceTitle "CBM 200 Extra"]
[Source "ChessBase"]
[SourceDate "2021.03.31"]
[SourceVersion "1"]
[SourceVersionDate "2021.03.31"]
[SourceQuality "1"]
[WhiteTeam "Vandoeuvre"]
[BlackTeam "Mulhouse"]
[WhiteTeamCountry "FRA"]
[BlackTeamCountry "FRA"]

1. e4 e5 2. Nf3 Nc6 3. Bc4 Bc5 4. c3 Nf6 5. d3 a5 6. 0-0 d6 7. d4 Bb6 8. Re1 0-0 9. h3 h6 10. Bb5 Bd7 11. Na3 Re8 12. d5 Ne7 13. Bxd7 Qxd7 14. Nc4 Bc5 15. a4 Ng6 16. Qb3 c6 17. dxc6 bxc6 18. Qc2 Qc7 19. Be3 Bxe3 20. Nxe3 d5 21. exd5 cxd5 22. Nf5 d4 23. Rec1 d3 24. Qd2 e4 25. N3d4 Ne7 26. Ne3 Nfd5 27. Nb5 Qf4 28. Re1 Rad8 29. Nc4 Qxd2 30. Nxd2 f5 31. c4 Nb4 32. Nc7 Nc2 33. Nxe8 Rxe8 34. Rad1 Nxe1 35. Rxe1 Nc6 36. Kf1 Nd4 37. Re3 Nc2 38. Rg3 f4 39. Rg4 e3 40. Nf3 e2+ 41. Kg1 d2 0-1

[Event "FRA-chT Top 12"]
[Site "Brest"]
[Date "2019.05.22"]
[Round "5.7"]
[White "Nezar, Mustapha"]
[Black "Dornbusch, Tatiana"]
[Result "1-0"]
[WhiteElo "2339"]
[BlackElo "2285"]
[PlyCount "111"]
[EventDate "2019.05.18"]
[EventType "team-tourn"]
[EventRounds "11"]
[EventCountry "FRA"]
[SourceTitle "CBM 190 Extra"]
[Source "ChessBase"]
[SourceDate "2019.07.15"]
[SourceVersion "1"]
[SourceVersionDate "2019.07.15"]
[SourceQuality "1"]
[WhiteTeam "Vandoeuvre"]
[BlackTeam "Monaco"]
[WhiteTeamCountry "FRA"]
[BlackTeamCountry "FRA"]

1. Nf3 Nf6 2. c4 d6 3. g3 e5 4. Bg2 Nc6 5. Nc3 Bg4 6. h3 Be6 7. d3 h6 8. Qb3 Rb8 9. Nd5 b5 10. Nxf6+ gxf6 11. Qc2 bxc4 12. dxc4 Nb4 13. Qa4+ Bd7 14. Qd1 Bf5 15. 0-0 Nc2 16. Nh4 Bh7 17. Rb1 Nd4 18. e4 f5 19. Be3 Be7 20. Bxd4 Bxh4 21. Bxa7 Ra8 22. Be3 Bf6 23. exf5 Rxa2 24. Be4 Ke7 25. Kh2 Qb8 26. b4 Bg5 27. Qb3 Ra6 28. b5 Ra5 29. Bxg5+ hxg5 30. Qe3 f6 31. b6 c5 32. b7 Qa7 33. Rb3 Rb8 34. Qd3 Bg8 35. Bd5 Bh7 36. Rfb1 Ra2 37. Kg2 Qa5 38. Rb5 Qa3 39. R5b3 Qa5 40. g4 Rd2 41. Qc3 Qxc3 42. Rxc3 Rxd5 43. cxd5 Bg8 44. Rd3 c4 45. Rdd1 Kd8 46. Rb5 Kc7 47. Kf3 Rxb7 48. Rxb7+ Kxb7 49. Rb1+ Ka6 50. Ke4 Ka5 51. Rb7 c3 52. Rg7 Bxd5+ 53. Kxd5 Kb6 54. Rd7 c2 55. Rxd6+ Kb5 56. Rc6 1-0

[Event "FRA-chT Top 12"]
[Site "Brest"]
[Date "2018.05.28"]
[Round "3"]
[White "Travadon, Loic"]
[Black "Nezar, Mustapha"]
[Result "0-1"]
[WhiteElo "2377"]
[BlackElo "2326"]
[PlyCount "54"]
[EventDate "2018.05.26"]
[EventType "team-tourn"]
[EventRounds "11"]
[EventCountry "FRA"]
[SourceTitle "EXT 2019"]
[Source "ChessBase"]
[SourceDate "2018.10.10"]
[SourceVersion "1"]
[SourceVersionDate "2018.10.10"]
[SourceQuality "1"]
[WhiteTeam "Bois Colombes"]
[BlackTeam "Vandoeuvre"]
[WhiteTeamCountry "FRA"]
[BlackTeamCountry "FRA"]

1. e4 c5 2. Nf3 e6 3. d4 cxd4 4. Nxd4 a6 5. c4 Nf6 6. Nc3 Bb4 7. Qd3 d5 8. exd5 exd5 9. Be2 0-0 10. 0-0 Nc6 11. Nxc6 bxc6 12. cxd5 cxd5 13. Bg5 Be6 14. Bf3 Be7 15. Rad1 Qa5 16. Bxf6 Bxf6 17. Nxd5 Bxd5 18. Bxd5 Rab8 19. Qf5 Rb5 20. Qd7 Rxb2 21. Rfe1 Rbb8 22. g4 g6 23. Qd6 Kg7 24. f4 Rfd8 25. Qc6 Bd4+ 26. Rxd4 Qxe1+ 27. Kg2 Qe2+ 0-1

[Event "Sanem rapid op 3rd"]
[Site "Sanem"]
[Date "2017.09.24"]
[Round "4"]
[White "Nezar, Mustapha"]
[Black "Filipovic, Slobodan J"]
[Result "0-1"]
[WhiteElo "2342"]
[BlackElo "2256"]
[PlyCount "95"]
[EventDate "2017.09.24"]
[EventType "swiss (rapid)"]
[EventRounds "9"]
[EventCountry "LUX"]
[SourceTitle "CBM 180 Extra"]
[Source "ChessBase"]
[SourceDate "2017.10.06"]
[SourceVersion "1"]
[SourceVersionDate "2017.10.06"]
[SourceQuality "1"]

1. d4 Nf6 2. c4 g6 3. Nc3 d5 4. Nf3 Bg7 5. Qb3 dxc4 6. Qxc4 0-0 7. e4 a6 8. Be2 b5 9. Qb3 Bb7 10. e5 Ne4 11. 0-0 Nxc3 12. Qxc3 Nd7 13. a4 c5 14. dxc5 Rc8 15. axb5 Rxc5 16. Qb3 Bxf3 17. Qxf3 axb5 18. e6 fxe6 19. Qb3 Rd5 20. Bxb5 Nc5 21. Qc2 Qd6 22. Bc4 Rh5 23. h3 Bd4 24. Ra3 Rhf5 25. Be3 Kg7 26. b4 Nd7 27. Bxe6 Bxe3 28. Bxf5 Bd4 29. Bxd7 Qxd7 30. Qe2 Qd6 31. Rb3 e5 32. b5 Qd5 33. Rbb1 Rf5 34. Kh1 Rh5 35. f3 Qe6 36. Kh2 Rh4 37. f4 e4 38. Rbe1 e3 39. Rd1 Qe4 40. g3 Rh5 41. Qf3 Qc2+ 42. Qg2 e2 43. Rxd4 exf1N+ 44. Kg1 Qc5 45. Qf2 Nxg3 46. Kg2 Rd5 47. Rxd5 Qxd5+ 48. Kxg3 0-1

[Event "FRA-chT Top 12"]
[Site "Chartres"]
[Date "2017.05.26"]
[Round "9.5"]
[White "Nezar, Mustapha"]
[Black "Ider, Borya"]
[Result "0-1"]
[WhiteElo "2354"]
[BlackElo "2456"]
[PlyCount "78"]
[EventDate "2017.05.18"]
[EventType "team-tourn"]
[EventRounds "11"]
[EventCountry "FRA"]
[SourceTitle "CBM 178 Extra"]
[Source "ChessBase"]
[SourceDate "2017.06.22"]
[SourceVersion "1"]
[SourceVersionDate "2017.06.22"]
[SourceQuality "1"]
[WhiteTeam "Vandoeuvre"]
[BlackTeam "Mulhouse Philidor"]
[WhiteTeamCountry "FRA"]
[BlackTeamCountry "FRA"]

1. e4 e6 2. d4 d5 3. Nd2 h6 4. Ngf3 Nf6 5. Bd3 c5 6. dxc5 Bxc5 7. Qe2 0-0 8. 0-0 Nc6 9. a3 Qc7 10. c4 Rd8 11. b4 Nd4 12. Qd1 dxe4 13. Nxe4 Ng4 14. Ned2 Nxf3+ 15. Nxf3 Nxf2 16. Rxf2 Bxf2+ 17. Kxf2 Qd6 18. Ke2 e5 19. Qc2 Bg4 20. Be4 Rac8 21. c5 Qe6 22. h3 Bxf3+ 23. gxf3 Qxh3 24. Be3 Qh2+ 25. Bf2 Rd4 26. Rd1 Rcd8 27. Rxd4 exd4 28. Kd3 Qh1 29. Kc4 d3 30. Qd2 Qh3 31. Bd4 Qe6+ 32. Kc3 Qa6 33. Qxd3 Qxa3+ 34. Kc4 Qa2+ 35. Kc3 a5 36. b5 Qa1+ 37. Kc2 Rxd4 38. Qc3 Qa4+ 39. Kb2 Rb4+ 0-1

[Event "FRA-chT Top 12"]
[Site "Chartres"]
[Date "2017.05.24"]
[Round "7.7"]
[White "Nezar, Mustapha"]
[Black "Dionisi, Thomas"]
[Result "1/2-1/2"]
[WhiteElo "2354"]
[BlackElo "2392"]
[PlyCount "82"]
[EventDate "2017.05.18"]
[EventType "team-tourn"]
[EventRounds "11"]
[EventCountry "FRA"]
[SourceTitle "CBM 178 Extra"]
[Source "ChessBase"]
[SourceDate "2017.06.22"]
[SourceVersion "1"]
[SourceVersionDate "2017.06.22"]
[SourceQuality "1"]
[WhiteTeam "Vandoeuvre"]
[BlackTeam "Bois Colombes"]
[WhiteTeamCountry "FRA"]
[BlackTeamCountry "FRA"]

1. d4 f5 2. g3 Nf6 3. Bg2 g6 4. c4 Bg7 5. Nc3 0-0 6. Nh3 d6 7. d5 Na6 8. 0-0 Nc5 9. Nf4 e5 10. dxe6 c6 11. Be3 Nxe6 12. Nxe6 Bxe6 13. b3 Re8 14. Rc1 Qe7 15. Qd2 a6 16. Rfd1 Rad8 17. Bd4 Bf7 18. Rc2 Rd7 19. Qc1 Ng4 20. Bxg7 Kxg7 21. Qf4 Nf6 22. Rcd2 Red8 23. Qd4 Qe5 24. e3 Qxd4 25. Rxd4 Ne8 26. e4 Be6 27. exf5 Bxf5 28. Bf3 h5 29. Rf4 Nf6 30. Rfd4 Ne8 31. Kg2 Nc7 32. h4 Ne6 33. R4d2 Kf6 34. Ne2 a5 35. Nc3 Nc5 36. Rd4 Ne6 37. R4d2 Nc5 38. Kg1 Be6 39. Rd4 Bf5 40. Kg2 Ne6 41. R4d2 Ke5 1/2-1/2

[Event "FRA-chT Top 12"]
[Site "Chartres"]
[Date "2017.05.23"]
[Round "6.7"]
[White "Sharif, Mershad"]
[Black "Nezar, Mustapha"]
[Result "1-0"]
[WhiteElo "2363"]
[BlackElo "2354"]
[PlyCount "78"]
[EventDate "2017.05.18"]
[EventType "team-tourn"]
[EventRounds "11"]
[EventCountry "FRA"]
[SourceTitle "CBM 178 Extra"]
[Source "ChessBase"]
[SourceDate "2017.06.22"]
[SourceVersion "1"]
[SourceVersionDate "2017.06.22"]
[SourceQuality "1"]
[WhiteTeam "Strasbourg"]
[BlackTeam "Vandoeuvre"]
[WhiteTeamCountry "FRA"]
[BlackTeamCountry "FRA"]

1. Nf3 Nf6 2. g3 c5 3. Bg2 d5 4. 0-0 Nc6 5. d4 e6 6. c4 dxc4 7. Ne5 Nxe5 8. dxe5 Qxd1 9. Rxd1 Nd7 10. f4 Nb6 11. a4 a5 12. Nc3 Be7 13. Be3 0-0 14. Rd2 Rb8 15. Ne4 Nd5 16. Bxc5 Bxc5+ 17. Nxc5 b6 18. Ne4 Ba6 19. Nd6 Nb4 20. Rad1 Rfd8 21. Bf1 Kf8 22. e4 Nd3 23. Bxd3 cxd3 24. Rc1 Rd7 25. Rc6 Ke7 26. Kf2 f6 27. exf6+ gxf6 28. e5 fxe5 29. fxe5 Kd8 30. Ke3 Rc7 31. Rxc7 Kxc7 32. Nb5+ Kc6 33. Rxd3 Bxb5 34. Rd6+ Kc5 35. axb5 Re8 36. g4 h6 37. h4 Rg8 38. Kf4 Rf8+ 39. Kg3 Re8 1-0

[Event "FRA-chT Top 12"]
[Site "Chartres"]
[Date "2017.05.18"]
[Round "1.6"]
[White "Abergel, Thal"]
[Black "Nezar, Mustapha"]
[Result "1-0"]
[WhiteElo "2457"]
[BlackElo "2354"]
[PlyCount "93"]
[EventDate "2017.05.18"]
[EventType "team-tourn"]
[EventRounds "11"]
[EventCountry "FRA"]
[SourceTitle "CBM 178 Extra"]
[Source "ChessBase"]
[SourceDate "2017.06.22"]
[SourceVersion "1"]
[SourceVersionDate "2017.06.22"]
[SourceQuality "1"]
[WhiteTeam "Tremblay en France"]
[BlackTeam "Vandoeuvre"]
[WhiteTeamCountry "FRA"]
[BlackTeamCountry "FRA"]

1. Nf3 c5 2. g3 g6 3. Bg2 Bg7 4. c4 Nc6 5. 0-0 e5 6. Nc3 Nge7 7. d3 0-0 8. Nd5 d6 9. Nd2 Nxd5 10. cxd5 Nd4 11. e3 Nf5 12. Rb1 a5 13. a4 Nh6 14. Nc4 Nf5 15. Qb3 Ra6 16. Bd2 Qc7 17. Bc3 Bd7 18. f4 exf4 19. Bxg7 Nxg7 20. Rxf4 Qb8 21. Rbf1 b5 22. axb5 Bxb5 23. Bh3 Bxc4 24. Qxc4 Ra7 25. Qc3 Re8 26. e4 Qb4 27. Qc2 Qd4+ 28. Qf2 Qxf2+ 29. R4xf2 Rb8 30. Ra1 Rb4 31. Ra2 Ne8 32. Rf1 Kf8 33. Rfa1 Nf6 34. Rxa5 Rxa5 35. Rxa5 Rxb2 36. Ra6 Ne8 37. Bd7 Ke7 38. Ra7 Kd8 39. Bc6 Rb1+ 40. Kg2 Nf6 41. e5 Ng4 42. exd6 Rb2+ 43. Kh3 Nf2+ 44. Kh4 Rb4+ 45. Kg5 f6+ 46. Kxf6 Ng4+ 47. Ke6 1-0

[Event "FRA-chT Top 12"]
[Site "Drancy"]
[Date "2016.06.07"]
[Round "11.7"]
[White "Roos, Louis"]
[Black "Nezar, Mustapha"]
[Result "1-0"]
[WhiteElo "2359"]
[BlackElo "2364"]
[PlyCount "77"]
[EventDate "2016.05.28"]
[EventType "team-tourn"]
[EventRounds "11"]
[EventCountry "FRA"]
[SourceTitle "CBM 172 Extra"]
[Source "ChessBase"]
[SourceDate "2016.06.21"]
[SourceVersion "1"]
[SourceVersionDate "2016.06.21"]
[SourceQuality "1"]
[WhiteTeam "Strasbourg"]
[BlackTeam "Vandoeuvre"]
[WhiteTeamCountry "FRA"]
[BlackTeamCountry "FRA"]

1. e4 c5 2. Nf3 e6 3. d3 Nf6 4. Nbd2 d5 5. g3 Be7 6. Bg2 Nc6 7. 0-0 0-0 8. Re1 b5 9. e5 Nd7 10. Nf1 a5 11. h4 a4 12. a3 b4 13. N1h2 bxa3 14. bxa3 Ba6 15. Bf4 Rb8 16. Ng5 Nd4 17. c3 Nf5 18. Bf1 Rb3 19. Bd2 Qc7 20. Qg4 c4 21. d4 Bxa3 22. Qh5 h6 23. Ng4 Be7 24. Rxa4 Bb5 25. Ra2 hxg5 26. hxg5 Rb8 27. Kg2 Nf8 28. Nf6+ gxf6 29. gxf6 Ng6 30. Bd3 Nfh4+ 31. gxh4 cxd3 32. Qg5 Be8 33. h5 Bf8 34. Rh1 Rb1 35. Rh3 R1b2 36. hxg6 fxg6 37. Qh4 Bg7 38. Qh7+ Kf8 39. fxg7+ 1-0

[Event "FRA-chT Top 12"]
[Site "Drancy"]
[Date "2016.06.06"]
[Round "10.7"]
[White "Nezar, Mustapha"]
[Black "Burri, Quentin"]
[Result "1-0"]
[WhiteElo "2364"]
[BlackElo "2293"]
[PlyCount "57"]
[EventDate "2016.05.28"]
[EventType "team-tourn"]
[EventRounds "11"]
[EventCountry "FRA"]
[SourceTitle "CBM 172 Extra"]
[Source "ChessBase"]
[SourceDate "2016.06.21"]
[SourceVersion "1"]
[SourceVersionDate "2016.06.21"]
[SourceQuality "1"]
[WhiteTeam "Vandoeuvre"]
[BlackTeam "Mulhouse Philidor"]
[WhiteTeamCountry "FRA"]
[BlackTeamCountry "FRA"]

1. d4 d5 2. c4 c6 3. Nf3 Nf6 4. Nc3 dxc4 5. a4 Bf5 6. Ne5 Nbd7 7. Nxc4 Nb6 8. Ne5 a5 9. g3 e6 10. Bg2 Bb4 11. 0-0 0-0 12. e3 h6 13. Qe2 Bh7 14. Rd1 Qe7 15. e4 Rfd8 16. Nd3 Nc4 17. e5 Nd5 18. Ne4 b5 19. Nf4 Rac8 20. h4 c5 21. dxc5 Nxe5 22. axb5 Bxe4 23. Qxe4 Rxc5 24. Qxe5 Nc3 25. Rxd8+ Qxd8 26. Qe3 Nxb5 27. Nd3 Nd4 28. Nxc5 Nc2 29. Qd3 1-0

[Event "FRA-chT Top 12"]
[Site "Montpellier"]
[Date "2015.05.31"]
[Round "2.7"]
[White "Nezar, Mustapha"]
[Black "Netzer, Jean"]
[Result "0-1"]
[WhiteElo "2382"]
[BlackElo "2396"]
[PlyCount "76"]
[EventDate "2015.05.30"]
[EventType "team-tourn"]
[EventRounds "11"]
[EventCountry "FRA"]
[SourceTitle "CBM 166 Extra"]
[Source "ChessBase"]
[SourceDate "2015.06.18"]
[SourceVersion "1"]
[SourceVersionDate "2015.06.18"]
[SourceQuality "1"]
[WhiteTeam "Vandoeuvre"]
[BlackTeam "Bischwiller"]
[WhiteTeamCountry "FRA"]
[BlackTeamCountry "FRA"]

1. e4 c5 2. Nf3 e6 3. d4 cxd4 4. Nxd4 Nc6 5. Nc3 Qc7 6. Be3 a6 7. Qd2 Nf6 8. f3 Be7 9. 0-0-0 b5 10. g4 Nxd4 11. Qxd4 Bb7 12. g5 Nh5 13. Rg1 Rc8 14. Rd2 Bc5 15. Qxc5 Qxc5 16. Bxc5 Rxc5 17. Ne2 h6 18. h4 hxg5 19. hxg5 g6 20. a3 Ke7 21. b4 Rcc8 22. Bg2 d5 23. exd5 Bxd5 24. Rh1 Rhd8 25. Rh4 Bb3 26. Rhd4 Rxd4 27. Nxd4 Bd5 28. Bf1 Rc3 29. Kb2 Re3 30. c3 Nf4 31. a4 e5 32. Ne2 Nd3+ 33. Ka3 Bc4 34. axb5 axb5 35. Ng3 Rxf3 36. Bxd3 Bxd3 37. Nh1 Bc4 38. Kb2 e4 0-1

[Event "Nancy-A 12th"]
[Site "Nancy"]
[Date "2014.03.08"]
[Round "7"]
[White "Nezar, Mustapha"]
[Black "Istratescu, Andrei"]
[Result "0-1"]
[WhiteElo "2392"]
[BlackElo "2672"]
[PlyCount "148"]
[EventDate "2014.03.05"]
[EventType "tourn"]
[EventRounds "9"]
[EventCountry "FRA"]
[EventCategory "10"]
[SourceTitle "CBM 159 Extra"]
[Source "ChessBase"]
[SourceDate "2014.04.24"]
[SourceVersion "1"]
[SourceVersionDate "2014.04.24"]
[SourceQuality "1"]

1. e4 c5 2. Nf3 e6 3. d4 cxd4 4. Nxd4 a6 5. Nc3 Nc6 6. g3 Qb6 7. Nb3 Qc7 8. Bg2 Nf6 9. 0-0 d6 10. f4 Be7 11. Kh1 Nd7 12. f5 Nde5 13. Bf4 Bf6 14. Qe2 b5 15. fxe6 fxe6 16. Qh5+ Qf7 17. Qxf7+ Kxf7 18. Bg5 Ke7 19. Bxf6+ gxf6 20. a4 b4 21. Nd1 h5 22. Ne3 h4 23. Kg1 Bb7 24. Kf2 Rag8 25. Rg1 Rg7 26. Bh1 hxg3+ 27. hxg3 Nf7 28. Bg2 Rhg8 29. Nf1 Nce5 30. Nd4 Ng5 31. Nd2 Rc8 32. Rge1 Rh7 33. Kg1 a5 34. Rac1 Bc6 35. N2b3 Bxa4 36. Nxa5 Ke8 37. b3 Ra7 38. bxa4 Rxa5 39. Ra1 Rca8 40. Rab1 Rxa4 41. Red1 Ke7 42. Nb5 Rc8 43. Nd4 Rc4 44. Rb3 Ra3 45. Nb5 Ra6 46. Nd4 Nc6 47. Nxc6+ Raxc6 48. e5 d5 49. exf6+ Kxf6 50. Rdb1 Rxc2 51. Rxb4 Rc1+ 52. Rxc1 Rxc1+ 53. Kf2 Rc2+ 54. Kf1 Nf7 55. Rb6 Ke5 56. Bh3 Nd6 57. Rb3 Ne4 58. Ra3 Rc3 59. Rxc3 Nxc3 60. Kf2 Ne4+ 61. Kg2 Ng5 62. Bg4 Kd4 63. Bd1 Ke3 64. Bb3 d4 65. Ba4 e5 66. g4 e4 67. Kg3 d3 68. Kh4 Kf4 69. Bb5 Nf3+ 70. Kh5 d2 71. Be2 e3 72. Bd1 Nd4 73. g5 e2 74. Bxe2 Nxe2 0-1

[Event "Nancy-A 12th"]
[Site "Nancy"]
[Date "2014.03.08"]
[Round "8"]
[White "Sochacki, Christophe"]
[Black "Nezar, Mustapha"]
[Result "0-1"]
[WhiteElo "2436"]
[BlackElo "2392"]
[PlyCount "118"]
[EventDate "2014.03.05"]
[EventType "tourn"]
[EventRounds "9"]
[EventCountry "FRA"]
[EventCategory "10"]
[SourceTitle "CBM 159 Extra"]
[Source "ChessBase"]
[SourceDate "2014.04.24"]
[SourceVersion "1"]
[SourceVersionDate "2014.04.24"]
[SourceQuality "1"]

1. e4 c5 2. Nf3 e6 3. d4 cxd4 4. Nxd4 a6 5. Nc3 b5 6. g3 Bb7 7. Bg2 Nf6 8. 0-0 b4 9. Na4 Bxe4 10. Bxe4 Nxe4 11. Re1 d5 12. Qh5 Qf6 13. Be3 Qg6 14. Qe2 Nd7 15. Nb3 Bd6 16. f3 Nef6 17. Bc5 Nxc5 18. Naxc5 0-0 19. a3 a5 20. axb4 axb4 21. Rec1 h5 22. Qd2 Rxa1 23. Rxa1 Rc8 24. Nd3 h4 25. g4 Nxg4 26. fxg4 Qxg4+ 27. Kf1 Qf3+ 28. Ke1 Qh1+ 29. Ke2 Qxh2+ 30. Kd1 Qg1+ 31. Qe1 Qg4+ 32. Kd2 h3 33. c3 bxc3+ 34. bxc3 Qg2+ 35. Qf2 Bf4+ 36. Kc2 Qxf2+ 37. Nxf2 Be5 38. Kd1 Rxc3 39. Nd2 Bd4 40. Nh1 g5 41. Ra4 e5 42. Nf1 Kg7 43. Nhg3 Kg6 44. Ra8 e4 45. Rd8 Rd3+ 46. Ke2 Be5 47. Rg8+ Kf6 48. Nh5+ Kf5 49. Kf2 Kg4 50. Ng7 Bxg7 51. Rxg7 f5 52. Rf7 Kf4 53. Rg7 g4 54. Rg8 Ra3 55. Rg7 Ra2+ 56. Kg1 d4 57. Rg6 Ra1 58. Kf2 e3+ 59. Ke2 d3+ 0-1

[Event "Nancy-A 12th"]
[Site "Nancy"]
[Date "2014.03.06"]
[Round "4"]
[White "Demuth, Adrien"]
[Black "Nezar, Mustapha"]
[Result "1/2-1/2"]
[WhiteElo "2488"]
[BlackElo "2392"]
[PlyCount "132"]
[EventDate "2014.03.05"]
[EventType "tourn"]
[EventRounds "9"]
[EventCountry "FRA"]
[EventCategory "10"]
[SourceTitle "CBM 159 Extra"]
[Source "ChessBase"]
[SourceDate "2014.04.24"]
[SourceVersion "1"]
[SourceVersionDate "2014.04.24"]
[SourceQuality "1"]

1. Nf3 c5 2. b3 b6 3. g3 Bb7 4. Bg2 Nf6 5. c4 g6 6. Bb2 Bg7 7. Nc3 Ne4 8. Qc1 Nxc3 9. Bxc3 e5 10. 0-0 d6 11. e3 0-0 12. Qb2 Nc6 13. a3 a6 14. b4 cxb4 15. axb4 b5 16. d3 Qd7 17. Rfd1 Rfb8 18. Rab1 Ne7 19. e4 Rc8 20. c5 Nc6 21. d4 dxc5 22. dxe5 Qe7 23. bxc5 Rc7 24. Rbc1 Re8 25. Rd5 b4 26. Bxb4 Nxb4 27. Qxb4 Rec8 28. Rd6 Bxe5 29. Nxe5 Qxe5 30. Rb6 a5 31. Qxa5 Rxc5 32. Rxc5 Rxc5 33. Qe1 Bc6 34. Rb1 Rc4 35. Qe2 Ra4 36. Re1 Kg7 37. Qd2 Ra1 38. Qe2 Bb5 39. Qe3 Bc6 40. h3 Rxe1+ 41. Qxe1 f5 42. f3 Qd4+ 43. Kh2 fxe4 44. fxe4 Qe5 45. Qf2 g5 46. Qa7+ Kg8 47. Qb6 Be8 48. Qd8 Kg7 49. h4 gxh4 50. Qxh4 Bg6 51. Qf4 Qh5+ 52. Kg1 Qd1+ 53. Kh2 Qh5+ 54. Qh4 Qxh4+ 55. gxh4 Kf6 56. Kg3 Ke5 57. Kg4 h6 58. Bh1 Bxe4 59. Bxe4 Kxe4 60. Kh5 Kf5 61. Kxh6 Kf6 62. Kh7 Kf7 63. h5 Kf8 64. h6 Kf7 65. Kh8 Kf8 66. h7 Kf7 1/2-1/2

[Event "Nancy-A 12th"]
[Site "Nancy"]
[Date "2014.03.06"]
[Round "3"]
[White "Donchenko, Alexander"]
[Black "Nezar, Mustapha"]
[Result "1-0"]
[WhiteElo "2463"]
[BlackElo "2392"]
[PlyCount "99"]
[EventDate "2014.03.05"]
[EventType "tourn"]
[EventRounds "9"]
[EventCountry "FRA"]
[EventCategory "10"]
[SourceTitle "CBM 159 Extra"]
[Source "ChessBase"]
[SourceDate "2014.04.24"]
[SourceVersion "1"]
[SourceVersionDate "2014.04.24"]
[SourceQuality "1"]

1. c4 e6 2. g3 Nf6 3. Bg2 d5 4. Nf3 c6 5. Qc2 Nbd7 6. d4 dxc4 7. Qxc4 Bd6 8. 0-0 0-0 9. Rd1 Qe7 10. Qc2 e5 11. Nc3 Re8 12. h3 Bc7 13. b3 exd4 14. Nxd4 Qc5 15. a3 Qh5 16. g4 Qe5 17. f4 Qc5 18. e4 Nb6 19. a4 Nxg4 20. a5 Rd8 21. Ba3 Qh5 22. Qe2 Nf6 23. e5 Qxe2 24. Ndxe2 Rxd1+ 25. Rxd1 Nfd5 26. axb6 Bxb6+ 27. Kh2 Ne3 28. Rd3 Nxg2 29. Kxg2 Bf5 30. Rd2 Be3 31. Rd6 a5 32. Nd4 Bxd4 33. Rxd4 b5 34. Be7 Be6 35. Rd8+ Rxd8 36. Bxd8 Bxb3 37. Bxa5 f6 38. Kf3 Kf7 39. Ke4 Bc4 40. Bb4 Bf1 41. h4 h6 42. Nd1 Bg2+ 43. Kd4 g5 44. Ne3 gxh4 45. Ng4 h3 46. Nxh6+ Kg6 47. e6 h2 48. e7 h1Q 49. e8Q+ Kxh6 50. Bf8+ 1-0

[Event "Nancy-A 12th"]
[Site "Nancy"]
[Date "2014.03.05"]
[Round "2"]
[White "Nezar, Mustapha"]
[Black "Brunner, Nicolas"]
[Result "1/2-1/2"]
[WhiteElo "2392"]
[BlackElo "2449"]
[PlyCount "86"]
[EventDate "2014.03.05"]
[EventType "tourn"]
[EventRounds "9"]
[EventCountry "FRA"]
[EventCategory "10"]
[SourceTitle "CBM 159 Extra"]
[Source "ChessBase"]
[SourceDate "2014.04.24"]
[SourceVersion "1"]
[SourceVersionDate "2014.04.24"]
[SourceQuality "1"]

1. c4 c5 2. g3 g6 3. Bg2 Bg7 4. Nc3 Nc6 5. Nf3 e5 6. a3 d6 7. 0-0 Nge7 8. Rb1 a5 9. d3 0-0 10. Ne1 Be6 11. Nd5 Rb8 12. Nxe7+ Nxe7 13. b4 axb4 14. axb4 cxb4 15. Rxb4 d5 16. Nc2 Nc6 17. Ra4 dxc4 18. dxc4 Qxd1 19. Rxd1 Ra8 20. Rxa8 Rxa8 21. Ne3 Ra1 22. Bd5 Bxd5 23. cxd5 Nb8 24. Bd2 Rxd1+ 25. Nxd1 e4 26. Kg2 Nd7 27. f3 exf3+ 28. Kxf3 f5 29. Bc3 Nf6 30. Bxf6 Bxf6 31. e4 fxe4+ 32. Kxe4 Kf7 33. Kd3 Ke7 34. Nf2 Kd6 35. Ne4+ Ke5 36. Nc5 Kxd5 37. Nxb7 Kc6 38. Na5+ Kd5 39. Nc4 Bd4 40. Nd2 Bg7 41. Nc4 Bd4 42. Nd2 Bg7 43. Nc4 Bd4 1/2-1/2

[Event "Nancy-A 12th"]
[Site "Nancy"]
[Date "2014.03.05"]
[Round "1"]
[White "Rindlisbacher, Lars"]
[Black "Nezar, Mustapha"]
[Result "1-0"]
[WhiteElo "2320"]
[BlackElo "2392"]
[PlyCount "67"]
[EventDate "2014.03.05"]
[EventType "tourn"]
[EventRounds "9"]
[EventCountry "FRA"]
[EventCategory "10"]
[SourceTitle "CBM 159 Extra"]
[Source "ChessBase"]
[SourceDate "2014.04.24"]
[SourceVersion "1"]
[SourceVersionDate "2014.04.24"]
[SourceQuality "1"]

1. d4 Nf6 2. Nf3 e6 3. e3 b6 4. Bd3 Bb7 5. 0-0 c5 6. c4 Be7 7. Nc3 cxd4 8. exd4 0-0 9. d5 exd5 10. cxd5 Bb4 11. Ne4 Nxd5 12. Neg5 Nf6 13. Nxh7 Re8 14. Nfg5 Nc6 15. Nxf6+ Qxf6 16. Qh5 d5 17. Qh7+ Kf8 18. Nh3 Re5 19. Bf4 g6 20. Bh6+ Ke8 21. Bg7 Qe7 22. Bxe5 Nxe5 23. Bb5+ Kd8 24. Rac1 f6 25. Qxe7+ Bxe7 26. Nf4 Bd6 27. Nxd5 Bxd5 28. Rfd1 Bxa2 29. Rxd6+ Ke7 30. Rd2 g5 31. Rc7+ Ke6 32. Ba6 Bb3 33. Bc8+ Rxc8 34. Rxc8 1-0